[Event "XXIX Coppa D'Oro"]
[Site "Villa Guardia ITA"]
[Date "2011.10.31"]
[Round "3"]
[White "De Meo, Guido"]
[Black "Aldeghi, Damiano"]
[Result "0-1"]
[WhiteElo "1476"]
[BlackElo "1425"]
[PlyCount "62"]
[EventDate "2011.10.30"]

1. e4 e5 2. Nf3 Nc6 3. Nc3 Nf6 4. Bc4 Bc5 5. d3 h6 6. O-O O-O 7. Nd5 d6 8. h3
Be6 9. c3 Na5 10. b3 Nxc4 11. bxc4 c6 12. Nxf6+ Qxf6 13. d4 exd4 14. cxd4 Bb6
15. e5 dxe5 16. d5 cxd5 17. cxd5 Rfd8 18. d6 Bc5 19. Bb2 Bxd6 20. Re1 Bc7 21.
Qe2 Rd5 22. Rab1 Rad8 23. Bc3 b6 24. Bxe5 Bxe5 25. Nxe5 Rd2 26. Qf1 Rxa2 27.
Rbd1 Rxd1 28. Rxd1 Qxe5 29. Rd8+ Kh7 30. Qb1+ Qf5 31. Qd1 Qxf2+ 0-1

[Event "XXIX Coppa D'Oro"]
[Site "Villa Guardia ITA"]
[Date "2011.10.31"]
[Round "3"]
[White "Deghi, Donatello"]
[Black "Seminara, Antonio"]
[Result "0-1"]
[WhiteElo "1815"]
[BlackElo "2010"]
[PlyCount "94"]
[EventDate "2011.10.30"]

1. d4 d5 2. Nf3 c6 3. c3 e6 4. e3 f5 5. Ne5 Nf6 6. b3 Nbd7 7. f4 Be7 8. Bd3 O-O
9. O-O Ne4 10. Bxe4 fxe4 11. a4 Rf6 12. Ba3 Nxe5 13. dxe5 Rh6 14. Bxe7 Qxe7 15.
Qe1 Bd7 16. g4 g5 17. fxg5 Qxg5 18. Qg3 Rh4 19. Rf4 Rf8 20. h3 h5 21. Ra2 hxg4
22. Rg2 Rf7 23. Qxh4 Qxh4 24. Rgxg4+ Qxg4+ 25. hxg4 Rg7 26. Kf2 Rg5 27. Nd2
Rxe5 28. Kg3 Rg5 29. Kh4 Rg6 30. g5 e5 31. Rf2 Rg7 32. Rf6 Rh7+ 33. Rh6 Kg7 34.
Rxh7+ Kxh7 35. Nf1 c5 36. Ng3 Kg6 37. Nh5 d4 38. cxd4 exd4 39. exd4 cxd4 40.
Nf4+ Kf5 41. Ne2 d3 42. Ng3+ Kf4 43. g6 d2 44. g7 Be6 45. Ne2+ Ke3 46. Nc3 Kd3
47. Nxe4 Kxe4 0-1

[Event "XXIX Coppa D'Oro"]
[Site "Villa Guardia ITA"]
[Date "2011.10.31"]
[Round "3"]
[White "Falchi, Claudio"]
[Black "Villa, Giorgio"]
[Result "0-1"]
[WhiteElo "1742"]
[BlackElo "1901"]
[PlyCount "94"]
[EventDate "2011.10.30"]

1. e4 d5 2. exd5 Qxd5 3. Nc3 Qd6 4. d4 Nf6 5. Nf3 c6 6. Ne5 Be6 7. Bc4 Nbd7 8.
Bxe6 Qxe6 9. Qe2 g6 10. Nxd7 Qxd7 11. Bg5 Qxd4 12. Rd1 Qg4 13. Bxf6 Qxe2+ 14.
Kxe2 exf6 15. Rhe1 Rd8 16. Kf1+ Be7 17. Ne4 Rxd1 18. Rxd1 f5 19. Nd6+ Bxd6 20.
Rxd6 Ke7 21. Rd3 Rd8 22. Rxd8 Kxd8 23. Ke2 Ke7 24. Ke3 Kd6 25. f4 Kd5 26. Kd3
b5 27. b3 b4 28. Ke3 f6 29. Kd3 g5 30. g3 c5 31. h3 h6 32. h4 gxh4 33. gxh4 h5
34. Ke3 c4 35. Kf3 Kd4 36. bxc4 Kxc4 37. Ke2 Kc3 38. Kd1 Kb2 39. Kd2 a5 40. Kd3
a4 41. Kc4 Kxa2 42. Kxb4 a3 43. c4 Kb2 44. c5 a2 45. c6 a1=Q 46. Kb5 Qa8 47.
Kc5 Qc8 0-1

[Event "XXIX Coppa D'Oro"]
[Site "Villa Guardia ITA"]
[Date "2011.10.31"]
[Round "3"]
[White "Gagliardi, Christian"]
[Black "Colombo, Luca"]
[Result "1-0"]
[WhiteElo "2253"]
[BlackElo "1880"]
[PlyCount "69"]
[EventDate "2011.10.30"]

1. e4 c5 2. Nf3 Nc6 3. d4 cxd4 4. Nxd4 g6 5. Nc3 Nf6 6. Be3 d6 7. Be2 Bg7 8. f3
O-O 9. Qd2 Bd7 10. O-O-O Rc8 11. g4 Ne5 12. h4 Qa5 13. Kb1 b5 14. Ncxb5 Qxd2
15. Bxd2 Nexg4 16. fxg4 Nxe4 17. Be1 a6 18. Nc3 Nxc3+ 19. Bxc3 Rb8 20. Be1 Rfc8
21. Rg1 h5 22. c3 hxg4 23. Bxg4 f5 24. Bf3 Kf7 25. h5 Rh8 26. Rxg6 e5 27. Nb3
Bb5 28. Rdxd6 e4 29. Bd1 e3 30. Nd4 Bd3+ 31. Kc1 Bxd4 32. Rd7+ Kf8 33. Rxd4 Bb5
34. Bg3 Re8 35. Bd6+ 1-0

[Event "XXIX Coppa D'Oro"]
[Site "Villa Guardia ITA"]
[Date "2011.10.31"]
[Round "3"]
[White "Gonella, Daniele"]
[Black "Pede, Lucio"]
[Result "1-0"]
[WhiteElo "2103"]
[BlackElo "1830"]
[PlyCount "81"]
[EventDate "2011.10.30"]

1. e4 e5 2. Nf3 Nc6 3. Bb5 a6 4. Ba4 d6 5. d4 Bg4 6. Bxc6+ bxc6 7. dxe5 Bxf3 8.
Qxf3 dxe5 9. O-O Nf6 10. Bg5 Be7 11. Rd1 Qc8 12. Nd2 Qg4 13. Qxg4 Nxg4 14. Bxe7
Kxe7 15. Nc4 f6 16. Na5 c5 17. Rd3 Kf7 18. Nc6 Kg6 19. Ne7+ Kf7 20. Nc6 Kg6 21.
Rad1 h5 22. Rd7 Nh6 23. Rxc7 h4 24. Rdd7 Kh5 25. Rxg7 Rhc8 26. h3 Rxc7 27. Rxc7
a5 28. Kh2 Ra6 29. g4+ hxg3+ 30. fxg3 Rb6 31. b3 c4 32. Nxa5 cxb3 33. axb3 Rd6
34. Nc4 Rd1 35. Rg7 Re1 36. Kg2 Rxe4 37. Kf3 Re1 38. g4+ Kh4 39. Ne3 e4+ 40.
Kf4 Kxh3 41. Rh7 1-0

[Event "XXIX Coppa D'Oro"]
[Site "Villa Guardia ITA"]
[Date "2011.10.31"]
[Round "3"]
[White "Guzzetti, Luigi Enrico"]
[Black "Valsecchi, Luca"]
[Result "1-0"]
[WhiteElo "1955"]
[BlackElo "1779"]
[PlyCount "111"]
[EventDate "2011.10.30"]

1. e4 c5 2. Nf3 g6 3. d4 cxd4 4. Qxd4 Nf6 5. e5 Nc6 6. Qa4 Nd5 7. Qe4 Nb6 8.
Bb5 Bg7 9. O-O O-O 10. Nc3 a6 11. Bxc6 dxc6 12. Bg5 Bf5 13. Qb4 Re8 14. Rad1
Qc7 15. Bf4 Be6 16. Rfe1 Rad8 17. Rxd8 Rxd8 18. Qe4 Nd5 19. Nxd5 Rxd5 20. Qe3
Qd7 21. Qa7 h6 22. h4 Bf5 23. c3 Bg4 24. Nh2 Rd1 25. Qe3 Rxe1+ 26. Qxe1 Be6 27.
a3 Bb3 28. Nf3 Qd3 29. Qd2 Qxd2 30. Nxd2 Bd5 31. c4 Be6 32. Kf1 f6 33. exf6
Bxf6 34. b3 h5 35. g3 Bf5 36. Ke2 Kf7 37. Ke3 e5 38. Bh6 Be7 39. b4 Ke6 40. Bg5
Bf8 41. Nb3 Bc2 42. Na5 b5 43. c5 Kd5 44. Bf6 Bh6+ 45. Bg5 Bxg5+ 46. hxg5 Ke6
47. Nxc6 Kf5 48. Nb8 Kxg5 49. Nxa6 Bf5 50. Nc7 Bd7 51. f3 Kf5 52. Nd5 g5 53.
g4+ hxg4 54. fxg4+ Ke6 55. Nc3 Bc6 56. Ne4 1-0

[Event "XXIX Coppa D'Oro"]
[Site "Villa Guardia ITA"]
[Date "2011.10.31"]
[Round "3"]
[White "Napoli, Ferdinando"]
[Black "Grassetto, Gilberto"]
[Result "0-1"]
[WhiteElo "1740"]
[BlackElo "1868"]
[PlyCount "39"]
[EventDate "2011.10.30"]

1. e4 c5 2. Nf3 d6 3. d4 cxd4 4. Nxd4 Nf6 5. Nc3 a6 6. Bg5 e6 7. f4 Nbd7 8. Qf3
Qb6 9. O-O-O Be7 10. Bc4 O-O 11. Rhe1 Nc5 12. e5 dxe5 13. fxe5 Nd5 14. Bxe7
Nxe7 15. Nb3 Nxb3+ 16. Bxb3 Qc7 17. Rd6 Bd7 18. Red1 Bc6 19. Qf2 Nf5 20. g4 0-1

[Event "XXIX Coppa D'Oro"]
[Site "Villa Guardia ITA"]
[Date "2011.10.31"]
[Round "3"]
[White "Nipote, Mario"]
[Black "Loukili, Ibrahim"]
[Result "1-0"]
[WhiteElo "1578"]
[BlackElo "1452"]
[PlyCount "47"]
[EventDate "2011.10.30"]

1. d4 Nf6 2. Nf3 g6 3. c4 Bg7 4. Nc3 e6 5. e4 d6 6. Bg5 Nc6 7. Rb1 a5 8. Qc2
Ne7 9. Rd1 Bd7 10. e5 dxe5 11. dxe5 Nfg8 12. Qd2 Bh6 13. Bxh6 Nxh6 14. Qxh6 Nf5
15. Qf4 Qe7 16. Be2 Bc6 17. O-O Bxf3 18. Bxf3 h6 19. Bxb7 Rb8 20. Bc6+ Kf8 21.
b3 Qh4 22. Qf3 Qg5 23. Rd7 Nh4 24. Qxf7# 1-0

[Event "XXIX Coppa D'Oro"]
[Site "Villa Guardia ITA"]
[Date "2011.10.31"]
[Round "3"]
[White "Padovan, Remo"]
[Black "Paniga, Danilo"]
[Result "1-0"]
[WhiteElo "2026"]
[BlackElo "1858"]
[PlyCount "87"]
[EventDate "2011.10.30"]

1. d4 f5 2. Nf3 Nf6 3. c4 g6 4. g3 Bg7 5. Bg2 O-O 6. O-O d6 7. Nc3 Qe8 8. d5 a5
9. Qc2 Na6 10. a3 Bd7 11. b3 Nc5 12. Bb2 e5 13. dxe6 Nxe6 14. Rad1 b6 15. Rfe1
Qf7 16. e3 Rad8 17. b4 axb4 18. axb4 h6 19. Nd2 Rfe8 20. Nd5 Bc8 21. Bc3 Nxd5
22. Bxd5 Bxc3 23. Qxc3 Qg7 24. Qxg7+ Kxg7 25. Ra1 Ng5 26. Ra7 Re7 27. Rea1 Rde8
28. Bc6 Bd7 29. Rxc7 Bxc6 30. Rxc6 Ne4 31. Nxe4 Rxe4 32. Ra7+ Kf8 33. Rac7 b5
34. cxb5 Rxb4 35. Rxd6 Re7 36. Rxe7 Kxe7 37. Rxg6 Rxb5 38. Rxh6 Rb4 39. Kg2 Kf7
40. Kf3 Ra4 41. Rd6 Re4 42. Rd4 Re6 43. Kf4 Kg6 44. h4 1-0

[Event "XXIX Coppa D'Oro"]
[Site "Villa Guardia ITA"]
[Date "2011.10.31"]
[Round "3"]
[White "Revinelli, Sergio"]
[Black "Mason, Giovanni"]
[Result "1-0"]
[WhiteElo "1877"]
[BlackElo "1711"]
[PlyCount "31"]
[EventDate "2011.10.30"]

1. e4 e6 2. d4 d5 3. Nd2 c5 4. exd5 exd5 5. Ngf3 c4 6. c3 Bd6 7. b3 b5 8. a4
Bd7 9. axb5 Bxb5 10. bxc4 dxc4 11. Bxc4 Bxc4 12. Nxc4 Qc7 13. Nxd6+ Qxd6 14.
O-O Ne7 15. Re1 Nbc6 16. d5 1-0

[Event "XXIX Coppa D'Oro"]
[Site "Villa Guardia ITA"]
[Date "2011.10.31"]
[Round "4"]
[White "Aldeghi, Damiano"]
[Black "Falchi, Claudio"]
[Result "0-1"]
[WhiteElo "1425"]
[BlackElo "1742"]
[PlyCount "83"]
[EventDate "2011.10.30"]

1. e4 e6 2. Nf3 d5 3. exd5 exd5 4. d4 Nf6 5. Nc3 c6 6. h3 Bd6 7. Be2 O-O 8. O-O
Bf5 9. Bg5 Nbd7 10. Bd3 Bxd3 11. Qxd3 Qc7 12. Rfe1 Rfe8 13. Rad1 h6 14. Bxf6
Nxf6 15. Re2 Rxe2 16. Qxe2 Re8 17. Qd3 Qd7 18. Re1 Ne4 19. Nxe4 dxe4 20. Rxe4
Re6 21. Rxe6 Qxe6 22. Qb3 Qe2 23. Qd3 Qxd3 24. cxd3 Bf4 25. Kf1 Bc1 26. b3 Kf8
27. Ke2 Ke7 28. Kd1 Bf4 29. Kc2 Ke6 30. Kc3 Kd5 31. a3 Bc7 32. b4 Bd8 33. Kd2
Be7 34. Kc2 Bf6 35. Kc3 b6 36. g3 c5 37. b5 g6 38. a4 Bg7 39. Kb3 Bxd4 40. Nxd4
Kxd4 41. Kc2 c4 42. dxc4 0-1

[Event "XXIX Coppa D'Oro"]
[Site "Villa Guardia ITA"]
[Date "2011.10.31"]
[Round "4"]
[White "Cacciola, Alfredo"]
[Black "Cocconcelli, Lorenzo"]
[Result "1-0"]
[WhiteElo "2075"]
[BlackElo "1859"]
[PlyCount "83"]
[EventDate "2011.10.30"]

1. e4 e6 2. d4 d5 3. Nd2 Nf6 4. e5 Nfd7 5. Bd3 c5 6. c3 Nc6 7. Ne2 cxd4 8. cxd4
f6 9. exf6 Nxf6 10. Nf3 Bd6 11. O-O Qc7 12. Bg5 O-O 13. Rc1 Bd7 14. Qd2 Rac8
15. Bf4 Ne4 16. Bxd6 Nxd2 17. Bxc7 Nxf3+ 18. gxf3 Rxc7 19. Kg2 Be8 20. Bb5 Bh5
21. Rc3 Rcc8 22. Bxc6 Rxc6 23. Rfc1 Rfc8 24. Rxc6 Rxc6 25. Rxc6 bxc6 26. Nf4
Bf7 27. Nd3 Be8 28. Kg3 Kf7 29. Kf4 Kf6 30. h4 h6 31. b4 g5+ 32. hxg5+ hxg5+
33. Kg4 Kg6 34. Nc5 Kf6 35. Nd3 Bd7 36. Ne5 Be8 37. a3 a6 38. f4 gxf4 39. Kxf4
Ke7 40. Nd3 Bd7 41. Nc5 Bc8 42. Ke5 1-0

[Event "XXIX Coppa D'Oro"]
[Site "Villa Guardia ITA"]
[Date "2011.10.31"]
[Round "4"]
[White "Colombo, Luca"]
[Black "Guzzetti, Luigi Enrico"]
[Result "1/2-1/2"]
[WhiteElo "1880"]
[BlackElo "1955"]
[PlyCount "92"]
[EventDate "2011.10.30"]

1. e4 c5 2. Nc3 e6 3. g3 Nc6 4. Bg2 Nf6 5. d3 Be7 6. Nge2 O-O 7. f4 d5 8. e5
Nd7 9. O-O f6 10. exf6 Nxf6 11. Kh1 Bd7 12. d4 Rc8 13. Be3 b6 14. f5 cxd4 15.
Nxd4 e5 16. Nxc6 Bxc6 17. Bg5 e4 18. Ne2 Bb5 19. c3 Bd3 20. Nd4 Bxf1 21. Bxf1
Rf7 22. Qb3 Qd7 23. Bb5 Qb7 24. Qa4 Rc5 25. Ba6 Qa8 26. Bb5 Rxb5 27. Qxb5 Bc5
28. Ne6 Bf2 29. Nd4 h6 30. Bxf6 Rxf6 31. g4 h5 32. g5 Rf7 33. Nc6 Bc5 34. Nd4
Bxd4 35. cxd4 Rxf5 36. Rg1 g6 37. Qd7 Rf7 38. Qe6 Qb7 39. Rc1 Qd7 40. Qxg6+ Kf8
41. Qh6+ Ke8 42. Qxh5 Qf5 43. Qh8+ Rf8 44. Qh5+ Rf7 45. Qh8+ Rf8 46. Qh5+ Rf7
1/2-1/2

[Event "XXIX Coppa D'Oro"]
[Site "Villa Guardia ITA"]
[Date "2011.10.31"]
[Round "4"]
[White "Corti, Filippo"]
[Black "De Meo, Guido"]
[Result "1-0"]
[WhiteElo "1676"]
[BlackElo "1476"]
[PlyCount "39"]
[EventDate "2011.10.30"]

1. Nf3 Nc6 2. g3 Nf6 3. d4 d5 4. Bg2 Bg4 5. Ne5 Qc8 6. Nxg4 Nxg4 7. Bxd5 e6 8.
Bxc6+ bxc6 9. e4 Qd8 10. Qxg4 Qxd4 11. Nd2 Bb4 12. c3 f5 13. Qe2 Bxc3 14. bxc3
Qxc3 15. Rb1 Qc2 16. O-O O-O 17. Qc4 Qxc4 18. Nxc4 Rab8 19. Ba3 Rfd8 20. exf5
1-0

[Event "XXIX Coppa D'Oro"]
[Site "Villa Guardia ITA"]
[Date "2011.10.31"]
[Round "4"]
[White "Grassetto, Gilberto"]
[Black "Gonella, Daniele"]
[Result "0-1"]
[WhiteElo "1868"]
[BlackElo "2103"]
[PlyCount "46"]
[EventDate "2011.10.30"]

1. d4 d5 2. Nf3 Nf6 3. e3 e6 4. a3 c5 5. dxc5 Bxc5 6. b4 Bb6 7. Bb2 O-O 8. Nbd2
Qe7 9. c4 Nbd7 10. Be2 Ne4 11. cxd5 exd5 12. O-O Ndf6 13. Nd4 Re8 14. Rc1 Bd7
15. h3 Rad8 16. N2b3 Qd6 17. Nb5 Bxb5 18. Bxb5 Re7 19. Nd4 Bc7 20. Nf3 Ng5 21.
g3 Nxh3+ 22. Kg2 Ne4 23. Kxh3 Nxf2+ 0-1

[Event "XXIX Coppa D'Oro"]
[Site "Villa Guardia ITA"]
[Date "2011.10.31"]
[Round "4"]
[White "Mason, Giovanni"]
[Black "Deghi, Donatello"]
[Result "1-0"]
[WhiteElo "1711"]
[BlackElo "1815"]
[PlyCount "51"]
[EventDate "2011.10.30"]

1. e4 c6 2. d4 d5 3. e5 Bf5 4. Bd3 Bxd3 5. Qxd3 e6 6. Nf3 Ne7 7. Bg5 Qb6 8. b3
Nf5 9. g4 Ne7 10. O-O Nd7 11. Nc3 Ng6 12. Na4 Qc7 13. c4 dxc4 14. bxc4 b6 15.
Nc3 Be7 16. Ne4 O-O 17. Bxe7 Nxe7 18. Nd6 Rad8 19. Ng5 g6 20. Qh3 h5 21. gxh5
Kg7 22. hxg6 Rh8 23. Qd3 Nf5 24. gxf7 Nxe5 25. Nxe6+ Kg6 26. Qxf5+ 1-0

[Event "XXIX Coppa D'Oro"]
[Site "Villa Guardia ITA"]
[Date "2011.10.31"]
[Round "4"]
[White "Nipote, Mario"]
[Black "Napoli, Ferdinando"]
[Result "1/2-1/2"]
[WhiteElo "1578"]
[BlackElo "1740"]
[PlyCount "73"]
[EventDate "2011.10.30"]

1. d4 Nf6 2. Nf3 g6 3. c4 Bg7 4. Nc3 d6 5. e4 O-O 6. Be2 e5 7. O-O Nc6 8. Be3
h6 9. h3 exd4 10. Nxd4 Nxd4 11. Bxd4 Re8 12. Bf3 c6 13. Re1 Qc7 14. Rc1 Be6 15.
b3 Rad8 16. Qc2 Bc8 17. Rcd1 a6 18. Na4 c5 19. Bxf6 Bxf6 20. Nc3 Be6 21. Nd5
Bxd5 22. cxd5 b5 23. Re2 Rd7 24. Rde1 Rde7 25. Kh1 Bd4 26. Rc1 Re5 27. Rd2 Qe7
28. Re2 b4 29. Rg1 f5 30. g4 fxe4 31. Bg2 Kg7 32. Rf1 h5 33. gxh5 gxh5 34. Qd2
Qh4 35. Rg1 Rg5 36. Qxg5+ Qxg5 37. Bxe4 1/2-1/2

[Event "XXIX Coppa D'Oro"]
[Site "Villa Guardia ITA"]
[Date "2011.10.31"]
[Round "4"]
[White "Padovan, Remo"]
[Black "Gagliardi, Christian"]
[Result "1-0"]
[WhiteElo "2026"]
[BlackElo "2253"]
[PlyCount "103"]
[EventDate "2011.10.30"]

1. d4 Nf6 2. c4 e6 3. Nc3 Bb4 4. e3 O-O 5. Bd3 d5 6. cxd5 exd5 7. Nge2 c6 8.
O-O Re8 9. Qc2 Nbd7 10. f3 Nf8 11. a3 Ba5 12. b4 Bc7 13. b5 cxb5 14. Bxb5 Bd7
15. Bxd7 Qxd7 16. Qd3 Rac8 17. e4 dxe4 18. fxe4 Ng4 19. Bf4 Ng6 20. Bxc7 Qxc7
21. g3 Ne7 22. h3 Nh6 23. g4 f6 24. Qe3 Qa5 25. Qg3 Nf7 26. h4 Rf8 27. a4 a6
28. Rab1 Rb8 29. Nf4 Qc7 30. Qe3 Qd7 31. Rb2 Rfe8 32. Rg2 Rbd8 33. d5 Qd6 34.
Ne6 Rc8 35. g5 f5 36. exf5 Nxd5 37. Qd4 Nf6 38. Qxd6 Nxd6 39. gxf6 Rxc3 40.
Rxg7+ Kh8 41. Ng5 h6 42. Rh7+ Kg8 43. Rg7+ Kh8 44. Rh7+ Kg8 45. Rxh6 Rf8 46.
Rg6+ Kh8 47. h5 Rc4 48. Rh6+ Kg8 49. Rg6+ Kh8 50. Ne6 Rfc8 51. Rf2 Rh4 52. Rh6+
1-0

[Event "XXIX Coppa D'Oro"]
[Site "Villa Guardia ITA"]
[Date "2011.10.31"]
[Round "4"]
[White "Paniga, Danilo"]
[Black "Bernasconi, Roberto"]
[Result "0-1"]
[WhiteElo "1858"]
[BlackElo "1926"]
[PlyCount "114"]
[EventDate "2011.10.30"]

1. d4 d5 2. Nf3 Nf6 3. e3 e6 4. Nbd2 b6 5. Bd3 Bb7 6. O-O Be7 7. c3 Nbd7 8. Qe2
O-O 9. e4 dxe4 10. Nxe4 Re8 11. Nxf6+ Nxf6 12. Ne5 a6 13. Re1 c5 14. dxc5 Bxc5
15. Bg5 Be7 16. Bxf6 Bxf6 17. Bxh7+ Kf8 18. Bc2 Qc7 19. Nf3 Rad8 20. Be4 Bc8
21. Rad1 b5 22. Rxd8 Rxd8 23. Rd1 Rxd1+ 24. Qxd1 Qc4 25. Bb1 Ke7 26. Qf1 Qf4
27. Qd1 Bb7 28. Qd2 Qc4 29. Ne1 Qg4 30. Bd3 Bd5 31. f3 Qh4 32. b3 Be5 33. g3
Qf6 34. c4 bxc4 35. Bxc4 Bc3 36. Qe2 Bxc4 37. bxc4 Bxe1 38. Qxe1 Qxf3 39. Qb4+
Kd7 40. Qa4+ Qc6 41. Qd1+ Kc7 42. Qg4 Qb6+ 43. Kg2 Qb2+ 44. Kh3 Qe5 45. Kg2 Kd6
46. Qd1+ Kc5 47. Qd7 Qe2+ 48. Kh3 Qf1+ 49. Kh4 Qxc4+ 50. Kh3 e5 51. Qc7+ Kd4
52. Qb6+ Kd5 53. Qb7+ Ke6 54. Qb6+ Kf5 55. Qf2+ Kg6 56. g4 Qf4 57. Qc2+ Kg5 0-1

[Event "XXIX Coppa D'Oro"]
[Site "Villa Guardia ITA"]
[Date "2011.10.31"]
[Round "4"]
[White "Pede, Lucio"]
[Black "Carbone, Lorenzo"]
[Result "1-0"]
[WhiteElo "1830"]
[BlackElo "1759"]
[PlyCount "87"]
[EventDate "2011.10.30"]

1. e4 c5 2. Nf3 d6 3. c3 e6 4. d4 cxd4 5. cxd4 Be7 6. Nc3 a6 7. Bd3 Nf6 8. O-O
O-O 9. Qc2 h6 10. Be3 b5 11. Rfd1 Bb7 12. Rac1 Nbd7 13. e5 Bxf3 14. exf6 Bxd1
15. fxe7 Bxc2 16. exd8=Q Rfxd8 17. Rxc2 d5 18. h3 Rac8 19. a3 Rc6 20. Ne2 Rxc2
21. Bxc2 Rc8 22. Bd3 Nb6 23. b3 Ra8 24. Bd2 Nd7 25. Bb4 Nb8 26. Bc5 Nd7 27. Nc3
Rc8 28. b4 Ra8 29. a4 bxa4 30. Nxa4 e5 31. Nb6 Nxb6 32. Bxb6 e4 33. Bc2 Rb8 34.
Ba5 Rb7 35. Ba4 Re7 36. Bc6 e3 37. fxe3 Rxe3 38. Bxd5 Re7 39. Bc4 Ra7 40. Bb6
Ra8 41. d5 Kf8 42. d6 Ke8 43. Bc7 Ra7 44. Bd5 1-0

[Event "XXIX Coppa D'Oro"]
[Site "Villa Guardia ITA"]
[Date "2011.10.31"]
[Round "4"]
[White "Raineri, Valerio"]
[Black "Villa, Giorgio"]
[Result "1-0"]
[WhiteElo "2150"]
[BlackElo "1901"]
[PlyCount "59"]
[EventDate "2011.10.30"]

1. e4 d5 2. exd5 Qxd5 3. Nc3 Qd6 4. Bc4 Nf6 5. d3 c6 6. f4 Bg4 7. Nf3 e6 8. h3
Bh5 9. g4 Bg6 10. Qe2 Be7 11. Bd2 Nd5 12. Bxd5 cxd5 13. O-O-O Nc6 14. Nb5 Qd8
15. Nbd4 Nxd4 16. Nxd4 Qb6 17. Nb3 h5 18. Rde1 Qc7 19. f5 exf5 20. Bb4 Qf4+ 21.
Qd2 Qxd2+ 22. Kxd2 hxg4 23. Rxe7+ Kd8 24. Na5 Rxh3 25. Nxb7+ Kc8 26. Rxh3 gxh3
27. Nd6+ Kd8 28. Re8+ Kd7 29. Rxa8 Bh5 30. Nxf5 1-0

[Event "XXIX Coppa D'Oro"]
[Site "Villa Guardia ITA"]
[Date "2011.10.31"]
[Round "4"]
[White "Seminara, Antonio"]
[Black "Revinelli, Sergio"]
[Result "0-1"]
[WhiteElo "2010"]
[BlackElo "1877"]
[PlyCount "73"]
[EventDate "2011.10.30"]

1. d4 d5 2. Bg5 c5 3. dxc5 Qa5+ 4. Nc3 e6 5. a3 Qxc5 6. Nf3 Be7 7. Qd2 Nf6 8.
e3 Bd7 9. Bd3 h6 10. Bf4 Qc8 11. h3 a6 12. O-O O-O 13. e4 dxe4 14. Nxe4 Nxe4
15. Bxe4 Bc6 16. Rfe1 Bf6 17. Bxh6 Bxb2 18. Qg5 Qd8 19. Qh5 f5 20. Bxg7 Bxg7
21. Ng5 Rf6 22. Bxc6 Nxc6 23. Qh7+ Kf8 24. Rxe6 Nd4 25. Rae1 Nxe6 26. Rxe6 Qd1+
27. Kh2 Rxe6 28. Nxe6+ Kf7 29. Nxg7 Qd6+ 30. g3 Qg6 31. Qxg6+ Kxg6 32. Ne6 Rc8
33. Nd4 Rc4 34. Ne6 Rxc2 35. Nf4+ Kf6 36. Kg2 Ra2 37. Nd3 0-1

[Event "XXIX Coppa D'Oro"]
[Site "Villa Guardia ITA"]
[Date "2011.10.31"]
[Round "4"]
[White "Valsecchi, Luca"]
[Black "Bernocchi, Luca"]
[Result "1-0"]
[WhiteElo "1779"]
[BlackElo "1413"]
[PlyCount "51"]
[EventDate "2011.10.30"]

1. c4 Nf6 2. g3 g6 3. Bg2 Bg7 4. Nc3 d6 5. e4 O-O 6. Nge2 Nc6 7. O-O Be6 8. d3
Nd7 9. Nf4 Bh6 10. Nxe6 fxe6 11. Bxh6 Re8 12. Qg4 Nce5 13. Qxe6+ Kh8 14. f4
Nxd3 15. Qd5 Nxb2 16. Rf2 Nf6 17. Qf7 Rg8 18. Rxb2 Ng4 19. Bg5 Rf8 20. Qxe7
Qxe7 21. Bxe7 Rfe8 22. Bh4 Rxe4 23. Bxe4 c6 24. Rxb7 d5 25. cxd5 cxd5 26. Nxd5
1-0

[Event "XXIX Coppa D'Oro"]
[Site "Villa Guardia ITA"]
[Date "2011.11.01"]
[Round "5"]
[White "Bernasconi, Roberto"]
[Black "Colombo, Luca"]
[Result "1/2-1/2"]
[WhiteElo "1926"]
[BlackElo "1880"]
[PlyCount "169"]
[EventDate "2011.10.30"]

1. e4 c5 2. Nf3 d6 3. d4 cxd4 4. Nxd4 Nf6 5. Nc3 g6 6. Be3 Bg7 7. f3 O-O 8. Qd2
Nc6 9. Bc4 Bd7 10. O-O-O Qa5 11. h4 Ne5 12. Bb3 Rac8 13. Nd5 Qxd2+ 14. Rxd2
Nxd5 15. Bxd5 Rc7 16. h5 Rfc8 17. hxg6 hxg6 18. g4 b5 19. Bh6 Bh8 20. Nf5 Be8
21. Bg5 gxf5 22. gxf5 Nxf3 23. Rg2 Rxc2+ 24. Rxc2 Rxc2+ 25. Kxc2 Nxg5 26. Rg1
Bf6 27. Kd3 Bd7 28. Rc1 a5 29. Rc7 Nf3 30. Ke3 Ne5 31. b3 a4 32. Ra7 axb3 33.
axb3 Bc6 34. Bxc6 Nxc6 35. Rb7 Nd4 36. Kf4 Kg7 37. Kg4 Nxb3 38. Rxb5 Nc5 39.
Kf3 Be5 40. Ra5 Kf6 41. Rb5 Kg5 42. Ra5 Nb3 43. Ra7 Nd4+ 44. Ke3 Kf6 45. Rb7
Nc6 46. Rc7 Nd4 47. Rb7 Nc2+ 48. Kd3 Ne1+ 49. Ke2 Ng2 50. Kf3 Nf4 51. Ke3 Nh5
52. Rd7 Bf4+ 53. Kd4 Bg5 54. Rb7 Ng3 55. Rb5 Bh4 56. Kd3 Nh5 57. Ke3 Bg5+ 58.
Kd3 Bc1 59. Rb3 Bf4 60. Rb5 Bg3 61. Ke3 Kg7 62. f6+ Nxf6 63. Rg5+ Kf8 64. Rxg3
Ke8 65. Rg7 e6 66. Kd4 Ke7 67. e5 dxe5+ 68. Kxe5 Nd7+ 69. Kf4 Kf6 70. Rg1 e5+
71. Ke4 Ke6 72. Rd1 f5+ 73. Kf3 Nf6 74. Ra1 e4+ 75. Ke3 Ke5 76. Ra5+ Nd5+ 77.
Ke2 f4 78. Kf2 Kd4 79. Ra4+ Kd3 80. Ra3+ Nc3 81. Rb3 Kd2 82. Rb2+ Kd1 83. Rb8
e3+ 84. Kf3 e2 85. Re8 1/2-1/2

[Event "XXIX Coppa D'Oro"]
[Site "Villa Guardia ITA"]
[Date "2011.11.01"]
[Round "5"]
[White "Bernocchi, Luca"]
[Black "Deghi, Donatello"]
[Result "1-0"]
[WhiteElo "1413"]
[BlackElo "1815"]
[PlyCount "115"]
[EventDate "2011.10.30"]

1. e4 c6 2. d4 d5 3. e5 Bf5 4. Nf3 e6 5. Bd3 Bg4 6. O-O c5 7. dxc5 Bxc5 8. Be3
Bxe3 9. fxe3 Ne7 10. Bb5+ Nbc6 11. h3 Bh5 12. Nbd2 O-O 13. Qe1 Qc7 14. Bd3 Nxe5
15. Nxe5 Qxe5 16. Qh4 Ng6 17. Bxg6 Bxg6 18. Qd4 Qxd4 19. exd4 Bxc2 20. Rac1 Bd3
21. Rf3 Bf5 22. Rc7 Rab8 23. Rb3 b6 24. Rxa7 Rfc8 25. Rc3 Rxc3 26. bxc3 h6 27.
c4 dxc4 28. Nxc4 Bg6 29. Ra6 b5 30. Ne5 Be4 31. Ra3 b4 32. Rb3 f6 33. Nd7 Rb7
34. Nc5 Kf7 35. Nxb7 Bxb7 36. Rxb4 Bd5 37. a4 Ke7 38. a5 Kd7 39. Ra4 Kc7 40.
Kf2 Kb7 41. Kg3 g5 42. Kg4 Bxg2 43. h4 gxh4 44. Kxh4 Ka6 45. Kh5 f5 46. Kxh6 f4
47. Ra2 f3 48. Kg5 Bf1 49. Kf4 Be2 50. Ke3 Bc4 51. Ra1 Bd5 52. Kf2 Bc6 53. Ra3
Bd5 54. Rxf3 Bxf3 55. Kxf3 Kxa5 56. Ke4 Kb6 57. Ke5 Kc7 58. Kxe6 1-0

[Event "XXIX Coppa D'Oro"]
[Site "Villa Guardia ITA"]
[Date "2011.11.01"]
[Round "5"]
[White "Cacciola, Alfredo"]
[Black "Padovan, Remo"]
[Result "1/2-1/2"]
[WhiteElo "2075"]
[BlackElo "2026"]
[PlyCount "100"]
[EventDate "2011.10.30"]

1. e4 c5 2. Nf3 d6 3. d4 cxd4 4. Nxd4 Nf6 5. Nc3 a6 6. Be2 e5 7. Nb3 Be6 8. Be3
Nbd7 9. a4 b6 10. O-O Be7 11. f3 Qc7 12. Qd2 O-O 13. Rfd1 Rfd8 14. Nc1 Nc5 15.
b4 Ncd7 16. Nd5 Nxd5 17. exd5 Bf5 18. c4 Bg6 19. Nb3 f5 20. Rac1 f4 21. Bf2 Qb7
22. Bd3 Bxd3 23. Qxd3 a5 24. c5 dxc5 25. bxc5 Nxc5 26. Nxc5 Bxc5 27. Bxc5 bxc5
28. Rxc5 Rd6 29. Rb1 Qa7 30. Rbb5 Rad8 31. Kh1 Qe7 32. Qc3 e4 33. fxe4 Qxe4 34.
Rc7 Rg6 35. Rb2 Qxd5 36. h3 Rg3 37. Qc4 Rxh3+ 38. Kg1 Rd3 39. Rb5 Rd1+ 40. Kh2
Qxc4 41. Rxc4 R1d4 42. Rxd4 Rxd4 43. Rxa5 Kf7 44. Ra8 h5 45. a5 Rd2 46. Kh3 g5
47. a6 Rd1 48. g4 hxg4+ 49. Kxg4 Ra1 50. a7 Kg7 1/2-1/2

[Event "XXIX Coppa D'Oro"]
[Site "Villa Guardia ITA"]
[Date "2011.11.01"]
[Round "5"]
[White "Carbone, Lorenzo"]
[Black "Nipote, Mario"]
[Result "1/2-1/2"]
[WhiteElo "1759"]
[BlackElo "1578"]
[PlyCount "124"]
[EventDate "2011.10.30"]

1. e4 c6 2. c4 e6 3. Nf3 d5 4. cxd5 exd5 5. exd5 cxd5 6. Bb5+ Nc6 7. O-O Nf6 8.
Re1+ Be7 9. Qc2 Bd7 10. d4 O-O 11. Nc3 Rc8 12. Qe2 Re8 13. Be3 Bd6 14. Qf1 Bg4
15. Be2 Qd7 16. Rab1 Bxf3 17. Bxf3 Nb4 18. Re2 Bb8 19. a3 Qd6 20. g3 Nc6 21.
Rbe1 Re7 22. Bf4 Qd7 23. Rxe7 Nxe7 24. Bg5 Re8 25. Bxf6 gxf6 26. Qe2 Kf8 27.
Qd2 Kg7 28. Nxd5 Nxd5 29. Rxe8 Qxe8 30. Bxd5 Qd7 31. Bb3 Be5 32. Bc2 Qxd4 33.
Qxd4 Bxd4 34. b3 Bb2 35. a4 b6 36. Kg2 h6 37. f4 Bd4 38. Kf3 a5 39. f5 Bc5 40.
g4 Bd6 41. h3 Bc5 42. Ke4 Bb4 43. Kd5 Bc5 44. Kc6 Kf8 45. Kd7 Bb4 46. Kd8 Bc5
47. Be4 Bb4 48. Bc6 Bc5 49. Bb5 Bb4 50. Kd7 Bc5 51. Bc4 Bb4 52. Kc6 Bc5 53. Kd5
Ke7 54. Ke4 Kf8 55. Kf4 Kg7 56. Kg3 Bb4 57. Kh4 Bc5 58. Kh5 Bb4 59. h4 Bc5 60.
g5 fxg5 61. hxg5 hxg5 62. Kxg5 f6+ 1/2-1/2